Choisissez le bon animal - Statistiques

Statistiques générales
  • Ce quiz a été pris 638 fois
  • Le résultat moyen est 20 sur 30
Statistiques - réponses
Question Tuile Select % Correct
Choisis le cerf Non
97%
Choisis le cerf Oui
97%
Choisis le crapaud Oui
96%
Choisis le crapaud Non
96%
Choisis le porc épic Oui
96%
Choisis le porc épic Non
95%
Choisis le sanglier Oui
88%
Choisis le sanglier Non
86%
Choisis le hibou Oui
81%
Choisis le hibou Non
79%
Choisis le pangolin Oui
73%
Choisis le pangolin Non
71%
Choisis l'alpaga Oui
70%
Choisis l'alpaga Non
69%
Choisis le léopard Oui
64%
Choisis le léopard Non
62%
Choisis le hamster Oui
59%
Choisis l'aligator Oui
57%
Choisis le hamster Non
57%
Choisis l'otarie Oui
57%
Choisis l'otarie Non
54%
Choisis l'aligator Non
53%
Choisis la sauterelle Oui
41%
Choisis l'aigle Oui
41%
Choisis l'aigle Non
39%
Choisis le yack Oui
39%
Choisis la mouette Oui
39%
Choisis la sauterelle Non
38%
Choisis la mouette Non
38%
Choisis le yack Non
36%
Aucun quiz correspondant
Distribution des résultats
% des personnes avec chaque résultat
Percentile par nombre de réponses
Votre historique - résultats
Vous n’avez pas pris ce quiz